000 00646nam a22001817a 4500
999 _c177331
_d177331
005 20210218173335.0
010 _aENG-129035
020 _c699.00
_a978-1-4721-2474-6
035 _aEN-112567
037 _bDBAD/PUB
082 _a954.030922
100 _aLee, Christopher
245 _aViceroys: the Creation of the British/
_cChristopher Lee
260 _aGurugram
_bHachette Book Publishing India Pvt. Ltd.
_c2018
270 _bGurugram
_a4th/5th Floors, Corporate Centre, Plot No- 94, Sec- 44
_e122003
300 _ax+422p.
_c24cm(pbk)
_bIncluding bibliographical references and index.
942 _2ddc
_cEN
_h954.030922
_mLEE